Library Logo

Pioneer International University Library Catalogue

THE PSYCHOLOGY BOOK/ (Record no. 9951)

MARC details
000 -LEADER
fixed length control field 00541nam a22001697a 4500
003 - CONTROL NUMBER IDENTIFIER
control field OSt
005 - DATE AND TIME OF LATEST TRANSACTION
control field 20260209100853.0
008 - FIXED-LENGTH DATA ELEMENTS--GENERAL INFORMATION
fixed length control field 260209b |||||||| |||| 00| 0 eng d
020 ## - INTERNATIONAL STANDARD BOOK NUMBER
International Standard Book Number 9780756689704
040 ## - CATALOGING SOURCE
Transcribing agency DK PUBLISHING
050 ## - LIBRARY OF CONGRESS CALL NUMBER
Classification number BF 121 .P83 2012
Item number .P83 2012
245 ## - TITLE STATEMENT
Title THE PSYCHOLOGY BOOK/
Statement of responsibility, etc. AMY ORSBORNE
250 ## - EDITION STATEMENT
Edition statement 1st edition
260 ## - PUBLICATION, DISTRIBUTION, ETC.
Place of publication, distribution, etc. NewYork :
Name of publisher, distributor, etc. Dorling Kindersley Limited,
Date of publication, distribution, etc. 2012.
300 ## - PHYSICAL DESCRIPTION
Extent 352pages,
Other physical details Hardcover, ill.: som col, includes bibliographic references and index.;
Dimensions 24.4 cm.
942 ## - ADDED ENTRY ELEMENTS (KOHA)
Source of classification or shelving scheme Library of Congress Classification
Koha item type Books
Edition 1st ed.
Suppress in OPAC No
Holdings
Withdrawn status Lost status Source of classification or shelving scheme Damaged status Not for loan Home library Current library Date acquired Total checkouts Full call number Barcode Date last seen Copy number Price effective from Koha item type
    Library of Congress Classification     PIU Library PIU Library 02/09/2026   BF 121 .P83 2012 PIUDL935 04/09/2026 1 02/09/2026 Books